Základy klasickej elektrodynamiky /

Na minha lista:
Detalhes bibliográficos
Autor principal: Mudroň, Ján (Author)
Formato: Livro
Idioma:eslovaco
Publicado em: Liptovský Mikuláš : Akadémia ozbrojených síl generála Milana Rastislava Štefánika, 2013
Edição:1. vydanie
Tags: Adicionar Tag
Sem tags, seja o primeiro a adicionar uma tag!

MARC

LEADER 00000nam a22000003a 4500
001 0115913
003 SK-STU
005 20250611120056.5
007 ta
008 250611s ----xo-----e------000-0-----d
020 |a 978-80-8040-480-2 
040 |a STU  |b slo 
041 0 |a slo 
044 |a xo 
080 |a 53(023) 
100 1 |a Mudroň, Ján  |4 aut 
245 1 0 |a Základy klasickej elektrodynamiky /  |c aut. Ján Mudroň 
250 |a 1. vydanie 
260 |a Liptovský Mikuláš :  |b Akadémia ozbrojených síl generála Milana Rastislava Štefánika,  |c 2013 
300 |a 264 s. 
996 |b 284EK91061  |c E* 91061  |l EE01  |s A  |a 24  |w 0115913_0001